000 00874nas a2200265 i 4500
001 173402
003 ES-MaACL
005 20250809180336.0
008 091201d19661933sp | | ||pa d
022 _a0425-3507
080 _a903(460.156)
080 _a904(460.156)
245 0 0 _aEstudios de arqueología alavesa.
260 _aVitoria :
_bDiputación Foral de Alava, Consejo de Cultura,
_c1966-1993.
300 _a2 v. :
_bil. ;
_c26 cm.
650 7 _aExcavaciones arqueológicas-
_zÁlava
_2
_9141681
651 4 _aÁlava-
_xRestos arqueológicos.
_9149782
655 7 _2tgfbne
_9226866
_aRevistas
852 _aES-MaACL
_jP-1151
856 _uhttps://dialnet.unirioja.es/servlet/revista?codigo=2856
_ySumarios de la revista en Dialnet
866 0 _o1966-1967.
942 _2udc
_cPERIODICA
999 _c173402
_d173402